| 000 | nam a22 a 4500 | ||
|---|---|---|---|
| 999 |
_c1822 _d1822 |
||
| 005 | 20170512095751.0 | ||
| 008 | 170512b1984 e ||||| |||| 00| 0 eng d | ||
| 020 |
_a0406624003 (pbk) _cNo price |
||
| 020 |
_a 0406623996 (cased) _c No price |
||
| 040 | _aAKMAL | ||
| 082 | _a343.0965 IVA | ||
| 090 |
_a343.0965 _bIVA |
||
| 100 | 1 |
_a Ivamy, E. R. Hardy _93767 |
|
| 245 | 1 | 0 |
_aDictionary of shipping law / _cby E.R. Hardy Ivamy. |
| 260 |
_aLondon : _bButterworths _c1984. |
||
| 300 |
_a179p. ; _c23cm |
||
| 490 | 0 | _aButterworths professional dictionaries series | |
| 599 | _aDALAM PROSES | ||
| 650 | 0 |
_a Maritime law _zGreat Britain. _93768 |
|
| 852 | 4 | 1 |
_aBritish Library _bHMNTS |
| 942 |
_2ddc _cBOOK |
||